| 000 | 00392nam a2200133Ia 4500 | ||
|---|---|---|---|
| 008 | 190926s9999||||xx |||||||||||||| ||und|| | ||
| 082 |
_a242 _bPAN/G |
||
| 100 | _aPandey, Umesh Chandra | ||
| 245 | 0 | _aGautam Dharma Sutra : with the 'Mitaksara' Sanskrit Commentary of Haradatta. | |
| 250 | _a1 | ||
| 260 |
_aVaranasi _bChaukhambha Sanskrit Series Office _c1966 |
||
| 300 | _a354 | ||
| 942 | _cBK | ||
| 999 |
_c10473 _d10473 |
||